00478nam a22001817a 4500003000400000005001700004008004100021020001800062040002100080050002400101100002000125245004700145250001100192260003600203300000900239650002500248650002300273OSt20250812144942.0250812b |||||||| |||| 00| 0 eng d a9780073375687 cChuka university aHD 30.22 .B 38 2008 aBaye R. Michael aManagerial economics and business strategy a6th Ed aNew York,USAbMcGraw hillc2008 a623p aManagerial economics aStrategic planning